000 00645cab a2200229 4500
001 WB3516-16
008 090401t1999 xxu||||| |||| 00| 0 eng d
035 _a(Sirsi) u93081
041 _aeng
245 _aScots business rate
260 _c1999
350 _a0
490 _aFinancial Times
_v30 April 1999, 10(1)
520 _aThe Scottish Labour Party has failed to rule out higher business rates under a Labour-controlled Scottish Parliament.
650 _aBUSINESS RATES
650 _aDEVOLUTION
650 _aSCOTLAND
650 _aSCOTTISH PARLIAMENT
690 _aRATING AND VALUATION
942 _n0
948 _c30/04/1999
999 _c58993
_d58993